Intra-Industry Trade Between Members of the PTA/COMESA Regional Trading Arrangement (Record no. 2404)

MARC details
000 -LEADER
fixed length control field 00387nam a22001337a 4500
008 - FIXED-LENGTH DATA ELEMENTS--GENERAL INFORMATION
fixed length control field 230623b xxu||||| |||| 00| 0 eng d
020 ## - INTERNATIONAL STANDARD BOOK NUMBER
International Standard Book Number 9966900306
082 ## - DEWEY DECIMAL CLASSIFICATION NUMBER
Classification number 330.
Item number MUS 1997
245 ## - TITLE STATEMENT
Title Intra-Industry Trade Between Members of the PTA/COMESA Regional Trading Arrangement
260 ## - PUBLICATION, DISTRIBUTION, ETC. (IMPRINT)
Name of publisher, distributor, etc. African Economic Research Consortium
Date of publication, distribution, etc. 1997
300 ## - PHYSICAL DESCRIPTION
Extent 68p
440 ## - SERIES STATEMENT/ADDED ENTRY--TITLE
Number of part/section of a work 31
942 ## - ADDED ENTRY ELEMENTS (KOHA)
Source of classification or shelving scheme Dewey Decimal Classification
Koha item type Books
Holdings
Withdrawn status Lost status Source of classification or shelving scheme Damaged status Not for loan Home library Current library Date acquired Total Checkouts Full call number Barcode Date last seen Price effective from Koha item type
    Dewey Decimal Classification     County Hall Archives County Hall Archives 06/23/2023   330. MUS 1997 10009742 06/23/2023 06/23/2023 Books
LIBRARY OPENING HOURS

When the Parliament is sitting: 8.00a.m - 7.00p.m or until the house adjourns
Mondays and Fridays and when the House is on Recess:  8.00a.m - 5.00p.m
Closed on Weekends and Public Holidays

Online Public Access Catalog (OPAC)
Website: http://www.parliament.go.ke
Bunge Library: https://libraryir.parliament.go.ke
Contact: library@parliament.go.ke | Tel no: (254-2)2221291 or 2848000 Ext 5043